Principles and applications of assessment in counseling

Kaydedildi:
Detaylı Bibliyografya
Yazar: Whiston, Susan C.
Materyal Türü: Kitap
Dil:Undetermined
Baskı/Yayın Bilgisi: Australia Brooks/Cole, Cengage Learning 2009
Konular:
Etiketler: Etiketle
Etiket eklenmemiş, İlk siz ekleyin!
Thư viện lưu trữ: Trung tâm Học liệu Trường Đại học Cần Thơ
LEADER 00568nam a2200193Ia 4500
001 CTU_175218
008 210402s9999 xx 000 0 und d
020 |c 3195570 
082 |a 158.30287 
082 |b W576 
100 |a Whiston, Susan C. 
245 0 |a Principles and applications of assessment in counseling 
245 0 |c Susan C. Whiston 
260 |a Australia 
260 |b Brooks/Cole, Cengage Learning 
260 |c 2009 
650 |a Counseling,Psychodiagnostics,Tư vấn 
904 |i Hải 
980 |a Trung tâm Học liệu Trường Đại học Cần Thơ